LEADER 01012nam a2200217 i 4500 001 000000194827 003 CaOOAMICUS 005 20101125000000.0 008 101125s1987 it u000 u ita u 013 $a173488 040 $aSeMil$bita 100 1 $aLe Joly, Edward <1909->.$0(OLS)http://semarc/name/31183 245 10$aMadre Teresa e le Missionarie della Caritą :$bLo facciamo per Gesł /$cEdward Le Joly. 260 $aCinisello Balsamo :$bSan Paolo,$ccopyr. 1987 (stampa 2003) 300 $a208 p. ;$c21 cm. 500 $aContiene : Appendice ; Scheda biografica. - Ai pie' del front : Famiglia Cristiana. 600 04$aTeresa : di Calcutta .$0(OLS)http://semarc/subject/6939 850 $aSeMil 852 $aSeMil$W1$xVenegono$y1$m3H IV 433$j145396$B145396$CSeMilBibl$Z2$F161422 $81 996 $6245$aMadre Teresa e le Missionarie della Caritą :$bLo facciamo per Gesł$9(OLS)http://semarc/title/280993 996 $6260$aCinisello Balsamo :$bSan Paolo$9(OLS)http://semarc/publisher/30129 LEADER 01033nam a2200229 i 4500 001 000000209983 003 CaOOAMICUS 005 20120109000000.0 008 120109s1887 it u000 u eng u 013 $a188775 040 $aSeMil$bita 100 1 $aHead, Barclay Vincent <1844-1914>.$0(OLS)http://semarc/name/75245 245 10$aHistoria Numorum :$ba manual of Greek numismatics /$cby Barclay V. Head. 260 $aOxford :$bat the Clarendon Press,$c1887. 300 $aLXXIX, 807 p., 5 c. di tav :$bill. ;$c26 cm. 500 $aFront. mancante, sostituito da fotocopia. 650 4$aNumismatica - Grecia.$0(OLS)http://semarc/subject/39498 650 4$aEckhel, Joseph Hilarius : von <1737-1798>.$0(OLS)http://semarc/subject/39499 850 $aSeMil 852 $aSeMil$W1$xVenegono$y1$m1X V 74 FA$j160434$B160434$CSeMilBibl$Z2$F171389 $8I 996 $6245$aHistoria Numorum :$ba manual of Greek numismatics$9(OLS)http://semarc/title/303588 996 $6260$aOxford :$bat the Clarendon Press$9(OLS)http://semarc/publisher/35474